| 000 | 01222nam0a22003491 4500 | ||
|---|---|---|---|
| 001 | v19\rc\1867413 | ||
| 005 | 20250619161202.0 | ||
| 035 | _a(NLR Aleph) 004959414 | ||
| 090 |
_a5967750 _c5967750 |
||
| 100 | _a20080221d1910 |||y0rusy50 ca | ||
| 101 | 1 |
_arus _cfre |
|
| 102 | _aRU | ||
| 105 | _ay z ||||| | ||
| 200 | 1 |
_aФранциск Ассизский _d(Saint-François d'Assise) _fАрвед Барин (Arvède Barine) _gПер. с фр. Вик. Алова _zfre |
|
| 210 |
_aСанкт-Петербург _cАО типогр. дела в СПб. _d1910 |
||
| 215 |
_a60 с. _d16 |
||
| 225 | 1 |
_aВсеобщая библиотека _v№ 99 |
|
| 510 | 1 |
_aSaint-François d'Assise _zfre |
|
| 700 | 1 |
_7ca _8rus _aБарин _bА. _f1840-1908 _gАрвед _9148934 _3RU\NLR\AUTH\770148970 |
|
| 702 | 1 |
_aАлов _bВ. _gВиктор _4730 |
|
| 702 | 0 |
_aФранциск Ассизский _f1181 или 1182-1226 _4570 |
|
| 801 | 0 |
_aRU _bNLR _gpsbo |
|
| 801 | 0 |
_aRU _bRuMoRGB _2psbo |
|
| 801 | 1 |
_aRU _bProSoft-M _2rusmarc |
|
| 852 |
_aNLR _j37.32.10.1(99) |
||
| 899 |
_aRuMoRGB _jE 78/182 |
||
| 899 |
_aRuMoRGB _jU 209/538 |
||
| 899 | _aБАН | ||
| 899 | _aНБ СПбГУ | ||
| 942 | _cBOOK | ||
| 980 | _aNB | ||